00584nam a2200157 a 450000100100000000500170001000800410002704000250006808200150009310000330010824501230014126000420026430000270030650000640033350400290039700002879520200930055137.0110412s2000 dr a 000 0 spa d aDO-SdBNPbspacBNPHU axxxbR666d1 aRobiou Lamarche, Sebastián10aDe la trinidad a la cuaternidad :bel simbolismo esotérico de la capilla del Rosario /cSebastián Robiou Lamarche. aSanto Domingo :bPunto y Coma,c2000. a49 p. :bil. ;c22 cm. aIncluye datos biográficos del autor en la contracubierta. aBibliografías p. 46-48